<?xml version="1.0" encoding="UTF-8"?>
<record
    xmlns:xsi="http://www.w3.org/2001/XMLSchema-instance"
    xsi:schemaLocation="http://www.loc.gov/MARC21/slim http://www.loc.gov/standards/marcxml/schema/MARC21slim.xsd"
    xmlns="http://www.loc.gov/MARC21/slim">

  <leader>00480nam a22001577a 4500</leader>
  <controlfield tag="003">OSt</controlfield>
  <controlfield tag="005">20151104094107.0</controlfield>
  <controlfield tag="008">151104b        xxu||||| |||| 00| 0 eng d</controlfield>
  <datafield tag="040" ind1=" " ind2=" ">
    <subfield code="c">RUA</subfield>
  </datafield>
  <datafield tag="082" ind1=" " ind2=" ">
    <subfield code="a">FOR &#x1795;&#x17BB;&#x1793; 1995 B121 Or.1</subfield>
  </datafield>
  <datafield tag="100" ind1=" " ind2=" ">
    <subfield code="9">3315</subfield>
    <subfield code="a">&#x1795;&#x17BB;&#x1793; &#x179B;&#x17B8;&#x179C;&#x17B7;&#x179A;&#x17C8;</subfield>
  </datafield>
  <datafield tag="245" ind1=" " ind2=" ">
    <subfield code="a">&#x178F;&#x17BD;&#x1793;&#x17B6;&#x1791;&#x17B8;&#x1796;&#x17D2;&#x179A;&#x17C3;&#x1788;&#x17BE;&#x1780;&#x17D2;&#x1793;&#x17BB;&#x1784;&#x1780;&#x17B6;&#x179A;&#x17A2;&#x1797;&#x17B7;&#x179C;&#x178C;&#x17D2;&#x178D;&#x1793;&#x17CD;&#x1787;&#x1793;&#x1794;&#x1791;</subfield>
  </datafield>
  <datafield tag="260" ind1=" " ind2=" ">
    <subfield code="a">Phnom Penh</subfield>
    <subfield code="b">RUA</subfield>
    <subfield code="c">1995</subfield>
  </datafield>
  <datafield tag="300" ind1=" " ind2=" ">
    <subfield code="a">94p.</subfield>
    <subfield code="b">ill.</subfield>
    <subfield code="c">29cm.</subfield>
  </datafield>
  <datafield tag="942" ind1=" " ind2=" ">
    <subfield code="2">ddc</subfield>
    <subfield code="c">FOR</subfield>
  </datafield>
  <datafield tag="999" ind1=" " ind2=" ">
    <subfield code="c">3092</subfield>
    <subfield code="d">3092</subfield>
  </datafield>
  <datafield tag="952" ind1=" " ind2=" ">
    <subfield code="0">0</subfield>
    <subfield code="1">0</subfield>
    <subfield code="2">ddc</subfield>
    <subfield code="4">0</subfield>
    <subfield code="6">FOR_&#x1795;&#x17BB;&#x1793;_1995_000000000000000_B121_OR_1</subfield>
    <subfield code="7">0</subfield>
    <subfield code="9">14623</subfield>
    <subfield code="a">LBB</subfield>
    <subfield code="b">LBB</subfield>
    <subfield code="c">B121</subfield>
    <subfield code="d">2015-11-04</subfield>
    <subfield code="o">FOR &#x1795;&#x17BB;&#x1793; 1995 B121 Or.1</subfield>
    <subfield code="p">RUA027588</subfield>
    <subfield code="r">2015-11-04</subfield>
    <subfield code="w">2015-11-04</subfield>
    <subfield code="y">FOR</subfield>
  </datafield>
  <datafield tag="952" ind1=" " ind2=" ">
    <subfield code="0">0</subfield>
    <subfield code="1">0</subfield>
    <subfield code="2">ddc</subfield>
    <subfield code="4">0</subfield>
    <subfield code="6">FOR_&#x1795;&#x17BB;&#x1793;_1995_000000000000000_B121_OR_2</subfield>
    <subfield code="7">0</subfield>
    <subfield code="9">14624</subfield>
    <subfield code="a">LBB</subfield>
    <subfield code="b">LBB</subfield>
    <subfield code="c">B121</subfield>
    <subfield code="d">2015-11-04</subfield>
    <subfield code="l">2</subfield>
    <subfield code="m">1</subfield>
    <subfield code="o">FOR &#x1795;&#x17BB;&#x1793; 1995 B121 Or.2</subfield>
    <subfield code="p">RUA027875</subfield>
    <subfield code="r">2016-07-18</subfield>
    <subfield code="s">2016-07-08</subfield>
    <subfield code="w">2015-11-04</subfield>
    <subfield code="y">FOR</subfield>
  </datafield>
  <datafield tag="952" ind1=" " ind2=" ">
    <subfield code="0">0</subfield>
    <subfield code="1">0</subfield>
    <subfield code="2">ddc</subfield>
    <subfield code="4">0</subfield>
    <subfield code="6">FOR_&#x1795;&#x17BB;&#x1793;_1995_000000000000000_B121_OR_3</subfield>
    <subfield code="7">0</subfield>
    <subfield code="9">14625</subfield>
    <subfield code="a">LBB</subfield>
    <subfield code="b">LBB</subfield>
    <subfield code="c">B121</subfield>
    <subfield code="d">2015-11-04</subfield>
    <subfield code="l">1</subfield>
    <subfield code="o">FOR &#x1795;&#x17BB;&#x1793; 1995 B121 Or.3</subfield>
    <subfield code="p">RUA027878</subfield>
    <subfield code="r">2016-04-04</subfield>
    <subfield code="s">2016-04-01</subfield>
    <subfield code="w">2015-11-04</subfield>
    <subfield code="y">FOR</subfield>
  </datafield>
  <datafield tag="952" ind1=" " ind2=" ">
    <subfield code="0">0</subfield>
    <subfield code="1">0</subfield>
    <subfield code="2">ddc</subfield>
    <subfield code="4">0</subfield>
    <subfield code="6">FOR_&#x1795;&#x17BB;&#x1793;_1995_000000000000000_B121_OR_4</subfield>
    <subfield code="7">0</subfield>
    <subfield code="9">14626</subfield>
    <subfield code="a">LBB</subfield>
    <subfield code="b">LBB</subfield>
    <subfield code="c">B121</subfield>
    <subfield code="d">2015-11-04</subfield>
    <subfield code="o">FOR &#x1795;&#x17BB;&#x1793; 1995 B121 Or.4</subfield>
    <subfield code="p">RUA027803</subfield>
    <subfield code="r">2015-11-04</subfield>
    <subfield code="w">2015-11-04</subfield>
    <subfield code="y">FOR</subfield>
  </datafield>
  <datafield tag="952" ind1=" " ind2=" ">
    <subfield code="0">0</subfield>
    <subfield code="1">0</subfield>
    <subfield code="2">ddc</subfield>
    <subfield code="4">0</subfield>
    <subfield code="6">FOR_&#x1795;&#x17BB;&#x1793;_1995_000000000000000_B121_OR_5</subfield>
    <subfield code="7">0</subfield>
    <subfield code="9">55774</subfield>
    <subfield code="a">LBB</subfield>
    <subfield code="b">LBB</subfield>
    <subfield code="c">B121</subfield>
    <subfield code="d">2016-11-03</subfield>
    <subfield code="o">FOR &#x1795;&#x17BB;&#x1793; 1995 B121 Or.5</subfield>
    <subfield code="p">RUA046149</subfield>
    <subfield code="r">2016-11-03</subfield>
    <subfield code="w">2016-11-03</subfield>
    <subfield code="y">FOR</subfield>
  </datafield>
</record>
